| 000 | 00807cam a22002771a 4500 | ||
|---|---|---|---|
| 001 | 21266 | ||
| 003 | BD-RjUL | ||
| 005 | 20211209000651.0 | ||
| 008 | 140304s1968 enkacf b 000 0 eng | ||
| 020 | _a0710062001 | ||
| 035 | _a(BD-RjUL)21330 | ||
| 035 | _a1022932 | ||
| 040 |
_aLC _beng _cLC _dLC _dBD-RjUL |
||
| 041 | _aeng | ||
| 082 | 0 | 0 |
_a821.6 _bDEP |
| 100 | 1 |
_aDearnley, Moira. _965749 |
|
| 245 | 1 | 4 |
_aThe poetry of Christopher Smart / _cMoira, Dearnley |
| 260 |
_aLondon : _bRoutledge & K. Paul, _c1968. |
||
| 300 |
_axxx, 332 p. : _b4 plates, illus., port. ; _c23 cm. |
||
| 504 | _aBibliographical footnotes. | ||
| 600 | 1 | 0 |
_aSmart, Christopher, _d1722-1771 _xCriticism and interpretation. _965752 |
| 650 |
_aPoetry _965751 |
||
| 942 |
_2ddc _cBK |
||
| 999 |
_c21266 _d21266 |
||